| 000 | 01448nam0a22002771 4500 | ||
|---|---|---|---|
| 001 | rc\468435 | ||
| 005 | 20260407085527.0 | ||
| 035 | _a(NLR Aleph) 005712439 | ||
| 090 |
_a7392375 _c7392375 |
||
| 100 | _a20030616d1987 |||y0rusy50 ca | ||
| 101 | 0 | _arus | |
| 102 | _aRU | ||
| 105 | _aa ||||||||| | ||
| 200 | 1 |
_aИЗМЕНЕНИЕ гидрогеологических условий серных месторождений под влиянием эксплуатации _f[Сост. А.М. Гайдин и др.] |
|
| 210 |
_aМ. _cНИИТЭХИМ _d1987 |
||
| 215 |
_a31 с. _cил. _d19 |
||
| 225 | 1 |
_aОбзорная информация _fМ-во по пр-ву минер. удобрений. НИИ техн.-экон. исслед. _iПромышленность по производству минеральных удобрений. Серия "Сера и серная промышленность" |
|
| 300 | _aНа обл. загл. сер. Промышленность: Информация | ||
| 320 | _aБиблиогр.: с. 27-28 | ||
| 702 | 1 |
_aГайдин _bА.М. _gАнатолий Маркович _4220 |
|
| 712 | 0 | 2 |
_aНИИ технико-экономических исследований Министерства химической промышленности СССР _3RU\NLR\AUTH\8813349 _9299715 |
| 801 | 0 |
_aRU _bNLR _gpsbo |
|
| 801 | 1 |
_aRU _bELAR _2rusmarc |
|
| 852 |
_aNLR _j88-4/5944 |
||
| 942 | _cBOOK | ||
| 980 | _aNB | ||